| 000 | 00987nam a22002537a 4500 | ||
|---|---|---|---|
| 003 | DO-SdBNP | ||
| 005 | 20171129084240.0 | ||
| 008 | 161031b 1998 sp ac 00| 0 spa d | ||
| 020 | _a8476306601 | ||
| 040 |
_aBPMSU _bspa _cBPMSU |
||
| 082 |
_axxxx _bxxxx |
||
| 100 | _aMoore, Terence | ||
| 240 | 1 | _aCountry designs from nature / | |
| 245 | 1 | 0 |
_aDiseños artesanos y naturales : _barreglos creativos de flores, plantas y hojas / _cTerence Moore ; fotografías Michelle Garrett |
| 260 |
_aMadrid : _bLIBSA, _c1998. |
||
| 300 |
_a160 p. : _bil., retr. _c30 cm. |
||
| 500 | _aIncluye datos biográficos del autor y el fotógrafo. | ||
| 505 | 1 |
_tTécnicas -- _tPrimavera -- _tVerano -- _tOtoño -- _tInvierno -- _tNavidad -- _tBodas -- _tRegalos -- _tHerramientas y materiales -- _tConsejos -- _tÍndice -- |
|
| 700 | 1 |
_aGarrett, Michelle _efot. |
|
| 910 | _a000144 | ||
| 942 |
_2ddc _cBK |
||
| 945 | _aInventariado extranjero / 2017 BT | ||
| 956 |
_2YLOCKWARD _310 _8BPMSU _aYngrid Lockward |
||
| 999 |
_c13021 _d13021 |
||